INTO THE LAND OF BONES (Record no. 32967)
[ view plain ]
| 000 -LEADER | |
|---|---|
| fixed length control field | 00220nam a2200097Ia 4500 |
| 008 - FIXED-LENGTH DATA ELEMENTS--GENERAL INFORMATION | |
| fixed length control field | 240625s9999 xx 000 0 und d |
| 041 ## - LANGUAGE CODE | |
| Language code of text/sound track or separate title | eng |
| 082 ## - DEWEY DECIMAL CLASSIFICATION NUMBER | |
| Classification number | 823 HOL |
| 100 ## - MAIN ENTRY--PERSONAL NAME | |
| Personal name | HOLT FRANK L |
| 245 ## - TITLE STATEMENT | |
| Title | INTO THE LAND OF BONES |
| Withdrawn status | Lost status | Damaged status | Not for loan | Home library | Current library | Shelving location | Date acquired | Full call number | Barcode | Date last seen | Price effective from | Koha item type |
|---|---|---|---|---|---|---|---|---|---|---|---|---|
| IMTN | IMTN | Rack 40-B | 08/28/2014 | 823 HOL | EB87 | 06/25/2024 | 06/25/2024 | BE |